A Textbook of Microbiology (Record no. 190596)

MARC details
000 -LEADER
fixed length control field 00487nam a2200205Ia 4500
008 - FIXED-LENGTH DATA ELEMENTS--GENERAL INFORMATION
fixed length control field 240823s9999||||xx |||||||||||||| ||und||
020 ## - INTERNATIONAL STANDARD BOOK NUMBER
International Standard Book Number 81-219-2559-2
082 ## - DEWEY DECIMAL CLASSIFICATION NUMBER
-- 576 Q0
100 ## - MAIN ENTRY--PERSONAL NAME
Personal name Dubey R C
245 #2 - TITLE STATEMENT
Title A Textbook of Microbiology
250 ## - EDITION STATEMENT
Edition statement 1st
260 ## - PUBLICATION, DISTRIBUTION, ETC. (IMPRINT)
Date of publication, distribution, etc 2010
Name of publisher, distributor, etc "S Chamd,New Delhi"
500 ## - GENERAL NOTE
General note YES
650 ## - SUBJECT ADDED ENTRY--TOPICAL TERM
Topical term or geographic name as entry element Microbiology
700 ## - ADDED ENTRY--PERSONAL NAME
Personal name Maheshwari D K
942 ## - ADDED ENTRY ELEMENTS (KOHA)
Item type Books
Holdings
Withdrawn status Lost status Damaged status Permanent location Current location Date acquired Source of acquisition Cost, normal purchase price Full call number Barcode Date last seen Koha item type
      CENTRAL LIBRARY, NOORUL ISLAM CENTRE FOR HIGHER EDUCATION CENTRAL LIBRARY, NOORUL ISLAM CENTRE FOR HIGHER EDUCATION 02/09/2012 Tamil Nadu Book House 500.00 576 Q0 42800 08/23/2024 Books
Visitors:
Copyright © 2024 Central Library NICHE.  All rights reserved.